| 000 | 00974cab a2200337 4500 | ||
|---|---|---|---|
| 001 | ABS47191 | ||
| 008 | 090401t1992 xxu||||| |||| 00| 0 eng d | ||
| 035 | _a(Sirsi) u61008 | ||
| 041 | _aeng | ||
| 100 | _aSchnider, I. | ||
| 245 | _aTurning to stone | ||
| 260 | _c1992 | ||
| 350 | _a0 | ||
| 490 |
_aChartered Builder _v4(8) October 1992, 9-10(2) |
||
| 520 | _aExamines the increase in the use of stone for building both for construction and as a veneer to add a finishing touch to a building. Includes a list of the stones used for cladding and the various surface finishes obtainable. | ||
| 650 | _aDIAMOND SAWN | ||
| 650 | _aFLAMED | ||
| 650 | _aGANG SAWN | ||
| 650 | _aGRANITE | ||
| 650 | _aHONED | ||
| 650 | _aLIMESTONE | ||
| 650 | _aMARBLE | ||
| 650 | _aPOLISHED | ||
| 650 | _aSANDSTONE | ||
| 650 | _aSLATE | ||
| 650 | _aSPLIT | ||
| 650 | _aTOOLED | ||
| 690 | _aBUILT ENVIRONMENT-BUILDING MATERIALS | ||
| 942 | _n0 | ||
| 948 | _c04/03/1997 | ||
| 999 |
_c37720 _d37720 |
||